000 00509nam a2200169Ia 4500
005 20250508152718.0
008 008 250505s9999 xx 000 0 eng d
037 _aBooks to be hide in OPAC
040 _aFEDL
_beng
_cFEDL
041 _aeng
_2eng
084 _a507.2, IND/O
_qFEDL
245 0 _aScientific research
260 _aDelhi, India
_bPublications Division Ministry of Information and Broadcasting
_c1957
300 _a88p.
942 _cHB
_h507.2, IND/O
999 _c1338230
_d1338230